000 00409nam a2200181Ia 4500
001 2432
005 20260306144806.0
008 260306t1993||||xx |||||||||||||| ||spa||
041 _aESP
082 _a616.89
_bP79
100 _aPostel, Jacques
_eAUT
245 0 _aHistoria de la psiquiatría
260 _c1993
300 _apágs. :
_ccm.
650 _aGEN
654 _aCPS
942 _cLIB
_dJUS
_fJUS
_2ddc
_n
999 _c2432
_d2432